|
|
|
|
| LEADER |
00000cam a2200000 7i4500 |
| 001 |
0000005316 |
| 005 |
20091228093000.0 |
| 008 |
021118s1981 |
| 090 |
0 |
0 |
|a AM379
|b .M3 1981
|
| 110 |
1 |
|
|a Malaysia .
|b Jabatan Muzium
|
| 245 |
1 |
0 |
|a Perlindungan warisan kebudayaan negara
|
| 260 |
2 |
|
|a Kuala Lumpur :
|b Jabatan Muzium ,
|c 1981
|
| 300 |
|
|
|a 44 p. :
|b ill. ;
|c 25 cm.
|
| 650 |
|
0 |
|a Museums
|x Law and legislation
|z Malaysia
|
| 651 |
|
0 |
|a Malaysia
|x Antiquities
|
| 999 |
|
|
|a 1000000208
|b Book
|c OPEN SHELF (30 DAYS)
|e Gong Badak Campus
|
| 999 |
|
|
|a 1000000209
|b Book
|c OPEN SHELF (30 DAYS)
|e Gong Badak Campus
|